Hodnotenie výkonnosti podniku modernými metódami finančnej analýzy diplomová práca

Salvato in:
Dettagli Bibliografici
Autore principale: Korbulcová, Veronika
Ente Autore: Podnikovohospodárska fakulta EU so sídlom v Košiciach. Katedra kvantitatívnych metód
Altri autori: Hudák, Matej, 1984-
Natura: Libro
Lingua:slovacco
Pubblicazione: Košice 2020
Tags: Aggiungi Tag
Nessun Tag, puoi essere il primo ad aggiungerne!!

MARC

LEADER 00000nbm a2200000 4500
001 0265301
005 20201208132724.7
041 0 |a slo 
044 |a SK 
245 1 0 |a Hodnotenie výkonnosti podniku modernými metódami finančnej analýzy  |b diplomová práca  |c Veronika Korbulcová ; školiteľ: Matej Hudák 
264 1 |a Košice  |c 2020 
300 |a 78 s. 
100 1 |a Korbulcová, Veronika 
700 1 |a Hudák, Matej, 1984- 
710 2 |a Podnikovohospodárska fakulta EU so sídlom v Košiciach. Katedra kvantitatívnych metód